000 00473nam a2200169Ia 4500
008 090711s9999 xx 000 0 und d
082 _b71024
100 _aकर्णिक हेमंत
245 _aसाद पडसाद
260 _c1993
300 _a170
600 _aकर्णिक हेमंत
630 _aसाद पडसाद
700 _aकर्णिक हेमंत
730 _aसाद पडसाद
942 _cBOOK
999 _c304607
_d304607